| 000 -LEADER | |
|---|---|
| fixed length control field | 00439nam a22001697a 4500 |
| 005 - DATE AND TIME OF LATEST TRANSACTION | |
| control field | 20160701153117.0 |
| 008 - FIXED-LENGTH DATA ELEMENTS--GENERAL INFORMATION | |
| fixed length control field | 160701b xxu||||| |||| 00| 0 eng d |
| 020 ## - INTERNATIONAL STANDARD BOOK NUMBER | |
| ISBN | 978-81-219-2537-2 |
| 041 ## - LANGUAGE CODE | |
| Language code of text/sound track or separate title | eng |
| 082 ## - DEWEY DECIMAL CLASSIFICATION NUMBER | |
| Item number | 20709 |
| 100 ## - MAIN ENTRY--AUTHOR NAME | |
| Personal name | Kurmi,R.s & Gupta, J.K |
| 245 ## - TITLE STATEMENT | |
| Title | A text book of machine Design |
| 260 ## - PUBLICATION, DISTRIBUTION, ETC. (IMPRINT) | |
| Place of publication | New Delhi |
| Name of publisher | Sultan Chand & Sons, |
| Year of publication | 2015 |
| 300 ## - PHYSICAL DESCRIPTION | |
| Number of Pages | 1213 |
| 650 ## - SUBJECT ADDED ENTRY--TOPICAL TERM | |
| Topical Term | Diploma Engineering |
| 942 ## - ADDED ENTRY ELEMENTS (KOHA) | |
| Koha item type | Books |
| Lost status | Damaged status | Home library | Current library | Shelving location | Date acquired | Cost, normal purchase price | Full call number | Accession Number | Koha item type | Collection code |
|---|---|---|---|---|---|---|---|---|---|---|
| JRU Library | SHELF-47-J | 01/07/2016 | 875.00 | 20709 | 20709 | Books | ||||
| JRU Library | SHELF-47-J | 01/07/2016 | 875.00 | 20709 | 20710 | Books | ||||
| Lost | JRU Library | JRU Library | 01/07/2016 | 875.00 | 20709 | 20711 | Books | |||
| JRU Library | SHELF-47-J | 01/07/2016 | 875.00 | 20709 | 20712 | Books | ||||
| JRU Library | SHELF -72- F | 01/07/2016 | 875.00 | 20709 | 20713 | Books | Reference |